TREASURE all songs (September 2025 update) - Statistics

General Stats
  • This quiz has been taken 244 times
    94 since last reset
  • The average score is 31 of 45
Answer Stats
Hint Answer % Correct
The First Step : Chapter One BOY
98%
The Second Step : Chapter One JIKJIN
93%
Pre-Release (T5 uniit) (REBOOT) MOVE
93%
The First Step : Chapter Two I LOVE YOU
91%
The First Step : Chapter Three MMM
91%
The Second Step : Chapter One DARARI
89%
Reboot BONA BONA
88%
PLEASURE YELLOW
88%
The First Step : Chapter Three Orange
86%
The Second Step : Chapter Two HELLO
84%
The First Step : Treasure Effect MY TREASURE
84%
PLEASURE SARURU
82%
Digital single King Kong
80%
LOVE PULSE PARADISE
77%
Reboot B.O.M.B
75%
The First Step : Treasure Effect (Japanese ver.) BEAUTIFUL
73%
The First Step : Treasure Effect GOING CRAZY
73%
Reboot RUN
73%
The Second Step : Chapter Two VolKno
71%
Pre-release (PLEASURE) LAST NIGHT
70%
Reboot STUPID
70%
The Second Step : Chapter Two THANK YOU
70%
The Second Step : Chapter Two
(Japanese ver.)
Yamai
70%
LOVE PULSE BETTER THAN ME
68%
The First Step : Treasure Effect SLOWMOTION
68%
LOVE PULSE EVERYTHING
66%
Reboot WONDERLAND
66%
The First Step : Chapter Two B.L.T (BLING LIKE THIS)
61%
The First Step : Chapter One COME TO ME
61%
2nd Japanese single album Reverse
59%
Reboot G.O.A.T
57%
Reboot I WANT YOUR LOVE
57%
The Second Step : Chapter One U
57%
The First Step : Treasure Effect BE WITH ME
55%
The Second Step : Chapter Two CLAP!
55%
The Second Step : Chapter One IT'S OKAY
54%
LOVE PULSE NOW FOREVER
54%
PLEASURE WHATEVER, WHENEVER
54%
Reboot LOVESICK
52%
The Second Step : Chapter One BFF (Best Friend Forever)
48%
The Second Step : Chapter Two HOLD IT IN
48%
Reboot THE WAY TO
48%
1st Japanese single album HERE I STAND
46%
Reboot(JP Special Selection) Let It Burn
41%
The Second Step : Chapter One Gonna Be Fine
23%
No matching quizzes found
Score Distribution
Percent of People with Each Score
Percentile by Number Answered
Your Score History
You have not taken this quiz since the last reset